|
|
|
|
| LEADER |
01178nam a2200361 4500 |
| 001 |
DLU090096851 |
| 005 |
##20091201 |
| 040 |
# |
# |
|a DLU
|b eng
|
| 041 |
# |
# |
|a eng
|
| 044 |
# |
# |
|a us
|
| 245 |
# |
# |
|a Methodological refinements in the determination of 146 polychlorinated biphenyls, including non-ortho- and mono-ortho-substituted PCBS, 26 organochlorine pesticides as demonstrated in heron eggs /
|c Shaogang Chu ... [et al.].
|
| 653 |
# |
# |
|a Gas chromatography
|
| 653 |
# |
# |
|a HPLC chromatography
|
| 653 |
# |
# |
|a Mass spectrometry
|
| 653 |
# |
# |
|a Organochlorine compounds
|
| 653 |
# |
# |
|a Pesticides
|
| 653 |
# |
# |
|a Polychlorobiphenyl
|
| 653 |
# |
# |
|a Sonication
|
| 653 |
# |
# |
|a Vertebrata
|
| 700 |
# |
# |
|a Chu, Shaogang.
|
| 700 |
# |
# |
|a Hong, Chia-Swee.
|
| 700 |
# |
# |
|a McGowan, Peter C.
|
| 700 |
# |
# |
|a Rattner, Barnett A.
|
| 773 |
# |
# |
|t Analytical Chemistry
|g Vol. 75, no. 5 (March 2003), p. 1058-1066
|
| 920 |
# |
# |
|a Phòng Tạp chí -- Trung tâm Thông tin - Thư viện Trường Đại học Đà Lạt
|
| 994 |
# |
# |
|a DLU
|
| 900 |
# |
# |
|a True
|
| 911 |
# |
# |
|a Trương Bảo Trâm Anh
|
| 925 |
# |
# |
|a G
|
| 926 |
# |
# |
|a A
|
| 927 |
# |
# |
|a BB
|
| 980 |
# |
# |
|a Thư viện Trường Đại học Đà Lạt
|